El latín en Chile.
Guardat en:
| Autor principal: | |
|---|---|
| Format: | Llibre |
| Idioma: | espanyol |
| Publicat: |
Santiago, Chile:
Fondo Andrés Bello; Biblioteca Nacional,
1991.
|
| Matèries: | |
| Etiquetes: |
Afegir etiqueta
Sense etiquetes, Sigues el primer a etiquetar aquest registre!
|
MARC
| LEADER | 00000nam a2200000 a 4500 | ||
|---|---|---|---|
| 001 | UCO2681 | ||
| 003 | CL-VaPUC | ||
| 005 | 20220822114345.0 | ||
| 008 | 000608e19910000CL |||||||||||||||||spa|d | ||
| 999 | |c 289180 |d 289178 | ||
| 040 | |c Pontificia Universidad Católica de Valparaíso | ||
| 082 | 0 | 4 | |a 470.0983 HAN 1991 |2 21 |
| 100 | |a Hanisch Espíndola, Walter |e autor |9 444650 | ||
| 245 | 1 | 3 | |a El latín en Chile. |
| 260 | |a Santiago, Chile: |b Fondo Andrés Bello; |b Biblioteca Nacional, |c 1991. | ||
| 300 | |a 175 páginas. | ||
| 500 | |a c.2 Donación Familia Prof. Alejandro Guzmán Brito. | ||
| 583 | |a last modification |c 20000608 00:00:00 |k Rodrigo Vera | ||
| 650 | 0 | |a Latín |9 269544 |x Historia |z Chile | |
| 942 | |c BK |2 ddc |n 0 | ||
| 945 | |d 20000608 00:00:00 |a crobeson | ||
| 952 | |0 0 |1 0 |4 0 |6 470_098300000000000_HAN_1991 |7 0 |8 A |9 337400 |a BIBHIS |b BIBHIS |d 2019-11-20 |i 1294237 |o 470.0983 HAN 1991 |p 1294237 |r 2025-01-20 |w 2019-11-20 |y BK |k HIS | ||